MARC details
| 000 -CABECERA |
| campo de control de longitud fija |
01229cam a2200277 a 4500 |
| 001 - NÚMERO DE CONTROL |
| campo de control |
000014450 |
| 005 - FECHA Y HORA DE LA ÚLTIMA TRANSACCIÓN |
| campo de control |
20200929163843.0 |
| 008 - DATOS DE LONGITUD FIJA--INFORMACIÓN GENERAL |
| campo de control de longitud fija |
010719s2000 ck a b 000 0 spa |
| 020 ## - NÚMERO INTERNACIONAL ESTÁNDAR DEL LIBRO |
| Número Internacional Estándar del Libro |
9589684254 |
| 035 ## - NÚMERO DE CONTROL DEL SISTEMA |
| Número de control de sistema |
(BoCbEI)ei 010200740 |
| 040 ## - FUENTE DE LA CATALOGACIÓN |
| Centro catalogador/agencia de origen |
DO-SdBNP |
| Centro/agencia transcriptor |
DLC |
| Centro/agencia modificador |
DLC |
| 082 ## - NÚMERO DE LA CLASIFICACIÓN DECIMAL DEWEY |
| Número de clasificación |
986.1062 |
| Número de documento/Ítem |
A473p |
| 049 ## - FONDOS LOCALES (OCLC) |
| Fondos de biblioteca |
BNGR |
| 100 1# - ENTRADA PRINCIPAL--NOMBRE DE PERSONA |
| Nombre de persona |
Álvarez Llanos, Jaime, |
| Fechas asociadas al nombre |
1962- |
| 9 (RLIN) |
32609 |
| 245 10 - MENCIÓN DE TÍTULO |
| Título |
Prensa, desarrollo urbano y política en Barranquilla, 1880-1930 / |
| Mención de responsabilidad, etc. |
Jaime Álvarez Llanos, Jaime Colpas Gutiérrez, Ever González Chamorro. |
| 260 ## - PUBLICACIÓN, DISTRIBUCIÓN, ETC. |
| Lugar de publicación, distribución, etc. |
Barranquilla : |
| Nombre del editor, distribuidor, etc. |
Fondo de Publicaciones de la Universidad del Atlántico, |
| Fecha de publicación, distribución, etc. |
2000. |
| 300 ## - DESCRIPCIÓN FÍSICA |
| Extensión |
189 p. : |
| Otras características físicas |
il. ; |
| Dimensiones |
24 cm. |
| 490 1# - MENCIÓN DE SERIE |
| Mención de serie |
Ciencias económicas y sociales Rodrigo Noguera Barreneche |
| 504 ## - NOTA DE BIBLIOGRAFÍA, ETC. |
| Nota de bibliografía, etc. |
Incluye referencias bibliográficas y notas al pie de las páginas. |
| 650 #4 - PUNTO DE ACCESO ADICIONAL DE MATERIA--TÉRMINO DE MATERIA |
| Término de materia o nombre geográfico como elemento de entrada |
Gobierno y prensa |
| Subdivisión geográfica |
Barranquilla (Colombia{Rpara} |
| Subdivisión general |
Historia |
| Subdivisión cronológica |
1880-1930 |
| 9 (RLIN) |
32610 |
| 651 #4 - PUNTO DE ACCESO ADICIONAL DE MATERIA--NOMBRE GEOGRÁFICO |
| Nombre geográfico |
Barranquilla (Colombia{Rpara} |
| Subdivisión general |
Política Y Gobierno |
| Subdivisión cronológica |
1880-1930 |
| 9 (RLIN) |
32611 |
| 700 1# - PUNTO DE ACCESO ADICIONAL--NOMBRE DE PERSONA |
| Nombre de persona |
Colpas Gutiérrez, Jaime. |
| 9 (RLIN) |
32612 |
| 700 1# - PUNTO DE ACCESO ADICIONAL--NOMBRE DE PERSONA |
| Nombre de persona |
González Chamorro, Ever, |
| Fechas asociadas al nombre |
1964- |
| 9 (RLIN) |
32613 |
| 830 #0 - PUNTO DE ACCESO ADICIONAL DE SERIE-TÍTULO UNIFORME |
| Título uniforme |
Ciencias económicas y sociales Rodrigo Noguera Barreneche. |
| 9 (RLIN) |
32614 |
| 910 ## - DATOS DE OPCIÓN DEL USUARIO (OCLC) |
| Datos de opción del usuario |
Catalogación por copia / LC |